Muslimah... : Harapan & cabaran

Bibliographic Details
Main Author: Yusuf Al-Qardhawi, Prof. Dr
Corporate Author: Title
Other Authors: Muhammad Baihaqi
Format: Book
Published: Kuala Lumpur : Al-Hidayah Publishers , 2000
Subjects:

MARC

LEADER 00000cam a2200000 7i4500
001 0000012950
005 20080225.0
008 080104
020 |a 9830992365 
090 0 0 |a 297.57082   |b YUS 
100 0 |a Yusuf Al-Qardhawi, Prof. Dr. 
245 1 0 |a Muslimah... :   |b Harapan & cabaran   |c Prof. Dr. Yusuf Al-Qardhawi; penterjemah Muhammad Baihaqi 
260 |a Kuala Lumpur :   |b Al-Hidayah Publishers ,   |c 2000 
650 0 |a Muslim women   |x Conduct of life 
650 0 |a Women in Islam 
700 0 |a Muhammad Baihaqi 
710 0 |a Title 
999 |a 0001005153   |b Book   |c Adult Collection   |e Cawangan Muar 
999 |a 0001005154   |b Book   |c Adult Collection   |e Perbadanan Perpustakaan Awam Johor 
999 |a 0001005155   |b Book   |c Adult Collection   |e Perbadanan Perpustakaan Awam Johor